| 000 | 00396nam a22001697a 4500 | ||
|---|---|---|---|
| 003 | MPLRDC | ||
| 005 | 20220104183010.0 | ||
| 008 | 210129b ||||| |||| 00| 0 eng d | ||
| 020 | _a0-09-949357-0 | ||
| 082 | _a870.57 GRI | ||
| 100 | _aJOHN GRISHAM | ||
| 245 |
_aTHE INNOCENT MAN _c |
||
| 260 |
_a英国 _bARROW BOOKS _c2007 |
||
| 300 | _b平 | ||
| 650 | _aFICTION | ||
| 942 |
_cBK _o870.57 GRI |
||
| 999 |
_c62203 _d62193 |
||